Statistics for Asian Geography by Letter - D

Click here to take the quiz!

General Stats

  • This quiz has been taken 63 times
  • The average score is 11 of 20

Answer Stats

HintAnswer% Correct
The capital of Syria, and one of the oldest continuously inhabited cities in the worldDamascus
100%
The largest city in IndiaDelhi
100%
The tallest building in the world is located in this cityDubai
100%
The capital of QatarDoha
98%
The capital of BangladeshDhaka
97%
The capital of East TimorDili
93%
The capital of TajikistanDushanbe
90%
Hindu festival of lightsDiwali
74%
Name of the currency of Bahrain, Iraq, Jordan, and Kuwaitdinar
72%
Strait between Asian Turkey and the Gallipoli peninsula in European TurkeyDardanelles
69%
City of 7.5 million in northeast ChinaDalian
59%
Fourth largest city in South KoreaDaegu
57%
City of 10 million in southern ChinaDongguan
38%
Vietnamese kingdom that existed from 968-1804Dai Viet
13%
Afghan empire that existed from 1747-1842Durrani Empire
11%
Group of 10 Hellenistic cities mostly east of the Jordan River which formed the eastern frontier of the Roman Empire in the first centuryDecapolis
10%
District of Beijing where the forbidden city is locatedDongcheng
8%
Bronze and Iron Age kingdom in eastern Arabia that was an important trading centreDilmun
7%
Federation of six Ancient Greek cities in southwest Asia MinorDoris
5%
Chinese name for a Greek kingdom in Central Asia; when China defeated it it paved the way for the formation of the Silk RoadDayuan
3%

Score Distribution

Percentile by Number Answered

Percent of People with Each Score

Your Score History

You have not taken this quiz